| 000 | 00421nam a2200145 a 4500 | ||
|---|---|---|---|
| 001 | 000034921 | ||
| 005 | 20200930074004.0 | ||
| 008 | 111021s1986 cu a 000 0 spa d | ||
| 040 |
_aDO-SdBNP _bspa _cBNPHU |
||
| 100 | 1 |
_aCaballero Almeida, Gilberto _960491 |
|
| 245 | 1 | 4 |
_aLos monos del XXI / _cGilberto Caballero Almeida. |
| 260 |
_aLa Habana : _bGente Nueva, _c1986. |
||
| 300 |
_a54 p. : _bil. ; _c24 cm. |
||
| 049 | _aBNPD | ||
| 999 |
_c34412 _d34412 |
||